<?xml version="1.0" encoding="UTF-8"?>
<marc:record xmlns:marc="http://www.loc.gov/MARC21/slim">
   <marc:leader>00000nam a2200000 a 4500</marc:leader>
   <marc:datafield ind1="1" ind2=" " tag="100">
      <marc:subfield code="a">Lieder, Susanne</marc:subfield>
      <marc:subfield code="4">aut</marc:subfield>
      <marc:subfield code="e">Verfasser/-in</marc:subfield>
   </marc:datafield>
   <marc:datafield ind1="0" ind2="0" tag="245">
      <marc:subfield code="a">Herzmuscheln und Bernsteinnächte</marc:subfield>
   </marc:datafield>
   <marc:datafield ind1="0" ind2="0" tag="245">
      <marc:subfield code="b">Roman</marc:subfield>
   </marc:datafield>
   <marc:datafield ind1="0" ind2="0" tag="245">
      <marc:subfield code="c">Susanne Lieder</marc:subfield>
   </marc:datafield>
   <marc:datafield ind1=" " ind2="1" tag="264">
      <marc:subfield code="a">Berlin</marc:subfield>
      <marc:subfield code="b">Ullstein</marc:subfield>
      <marc:subfield code="c">2016</marc:subfield>
   </marc:datafield>
   <marc:datafield ind1="1" ind2=" " tag="520">
      <marc:subfield code="a">Angaben aus der Verlagsmeldung

Herzmuscheln und Bernsteinnächte : Roman / von Susanne Lieder

Hella ist fünfzig, frisch getrennt und überarbeitet. Außer für ihren Sohn Marius findet sie neben ihrem Job als Psychotherapeutin kaum Zeit — schon gar nicht für einen neuen Liebhaber. Doch dann taucht plötzlich Karlo auf und stellt ihre Welt auf den Kopf. Karlo ist das genaue Gegenteil der durchorganisierten Hella: abenteuerlustig, unkonventionell, spontan. Gemeinsam reisen sie nach Usedom und genießen das unbeschwerte Urlaubsgefühl bei Picknick am Strand und romantischen Dünenwanderungen zu zweit. Dann muss Hella unerwartet früher nach Hause. Zurück im Alltag meldet sich Karlo kaum noch bei ihr. Ganz im Gegensatz zu ihrem Exmann Joachim. Hella merkt, wie sehr sie Joachim vermisst. Sie muss sich entscheiden, worauf es ihr im Leben ankommt.
</marc:subfield>
   </marc:datafield>
   <marc:datafield ind1=" " ind2=" " tag="020">
      <marc:subfield code="a">9783548287157</marc:subfield>
      <marc:subfield code="9">9783548287157</marc:subfield>
   </marc:datafield>
   <marc:datafield ind1=" " ind2=" " tag="020">
      <marc:subfield code="a">3548287158</marc:subfield>
      <marc:subfield code="9">3548287158</marc:subfield>
   </marc:datafield>
   <marc:datafield ind1=" " ind2=" " tag="300">
      <marc:subfield code="a">283 Seiten</marc:subfield>
   </marc:datafield>
</marc:record>
